000 00519cam a22001337a 4500
008 180718b1975 xxu||||| |||| 00| 0 eng d
082 _aB8x42 Un3
245 _aOur Changing democracy devolution to Scotland and Wales
_cBy Her Majesty;s Sationery Office
260 _aLondon
_bHer Majesty;s Sationery Office
_c1975
300 _a73p
650 _aWales -- Politics and government -- 20th century
650 _aScotland --Politics and government -- 20th century
650 _aDecentralization in government -- Great Britain
999 _c409051
_d409051